000
00298nam a22001337a 4500
003
SGT
020
_a
9781032853697
082
_a
741.3
_b
OKU
100
_a
OKUN JEFFREY A
245
_a
THE VES HANDBOOK OF VISUAL EFFECTS
260
_a
U.K
_b
ROUTLEDGE PUB
_c
2026
300
_a
847
942
_2
ddc
_c
BK
999
_c
34664
_d
34664